| 000 | 00689cam a22002175a 4500 | ||
|---|---|---|---|
| 999 |
_c27199 _d27171 |
||
| 003 | EG-ScBUE | ||
| 005 | 20190228102429.0 | ||
| 008 | 190228s2016 ua frb 000 0 ara d | ||
| 017 | _a2016 / 19063 | ||
| 020 | _a9789777400954 | ||
| 040 |
_aEG-ScBUE _bara _cEG-ScBUE _dEG-ScBUE |
||
| 082 | 0 | 4 |
_a301 _bخ ل د _222 |
| 100 | 1 |
_aابن خلدون ، عبدالرحمن بن محمد، _d1332-1406. |
|
| 245 | 1 | 0 | _aمقدمة ابن خلدون. |
| 260 |
_aالقاهرة : _bدار الحياة للنشر والتوزيع، _c2016. |
||
| 300 |
_a727 ص. ؛ _c24 سم. |
||
| 650 | 7 |
_aالاجتماع، علم. _2BUEsh |
|
| 651 | _2BUEsh | ||
| 653 |
_bGGEN _cFebruary2019 |
||
| 942 | _2ddc | ||